Materialism : (Record no. 1610)
[ view plain ]
| 000 -LEADER | |
|---|---|
| fixed length control field | 00830cam a2200253 a 4500 |
| 001 - CONTROL NUMBER | |
| control field | 1610 |
| 003 - CONTROL NUMBER IDENTIFIER | |
| rucl marc code | BD-RjUL |
| 005 - DATE AND TIME OF LATEST TRANSACTION | |
| control field | 20211208233353.0 |
| 008 - FIXED-LENGTH DATA ELEMENTS--GENERAL INFORMATION | |
| fixed length control field | 131204r19821951ii b 001 0 eng |
| 035 ## - SYSTEM CONTROL NUMBER | |
| System control number | (BD-RjUL)1637 |
| 040 ## - CATALOGING SOURCE | |
| Original cataloging agency | BD-RjUL |
| Language of cataloging | eng |
| Transcribing agency | BD-RjUL |
| Modifying agency | BD-RjUL |
| 041 ## - LANGUAGE CODE | |
| Language code of text/sound track or separate title | eng |
| 082 0# - DEWEY DECIMAL CLASSIFICATION NUMBER | |
| Classification number | 146.3 |
| Edition number | 23 |
| Author mark and year | ROM |
| 100 1# - MAIN ENTRY--PERSONAL NAME | |
| Personal name | Roy, M. N. |
| Fuller form of name | (Manabendra Nath), |
| Dates associated with a name | 1887-1954. |
| 9 (RLIN) | 5319 |
| 245 10 - TITLE STATEMENT | |
| Title | Materialism : |
| Remainder of title | an outline of the history of scientific thought / |
| Statement of responsibility, etc. | by M. N. Roy. |
| 250 ## - EDITION STATEMENT | |
| Edition statement | 2nd revised ed. |
| 260 ## - PUBLICATION, DISTRIBUTION, ETC. (IMPRINT) | |
| Place of publication, distribution, etc. | Delhi : |
| Name of publisher, distributor, etc. | Ajanta Publications (India), |
| Date of publication, distribution, etc. | 1951 [Reprinted1982] |
| 300 ## - PHYSICAL DESCRIPTION | |
| Pagination | xii, 259 p. ; |
| Size | 23 cm. |
| 504 ## - BIBLIOGRAPHY, ETC. NOTE | |
| Bibliography, etc | Includes bibliographical references and index. |
| 650 ## - SUBJECT ADDED ENTRY--TOPICAL TERM | |
| Topical term or geographic name as entry element | Materialism |
| General subdivision | Religious aspects |
| -- | Hinduism |
| 9 (RLIN) | 239578 |
| Topical term or geographic name as entry element | Science |
| General subdivision | Philosophy |
| 9 (RLIN) | 239579 |
| 942 ## - ADDED ENTRY ELEMENTS (KOHA) | |
| Source of classification or shelving scheme | Dewey Decimal Classification |
| Koha item type | Books |
| Lost status | Source of classification or shelving scheme | Damaged status | Not for loan | Collection code | Permanent Location | Current Location | Shelving location | Date acquired | Source of acquisition | Cost, normal purchase price | Total Checkouts | Full call number | Date last seen | Copy number | Koha item type |
|---|---|---|---|---|---|---|---|---|---|---|---|---|---|---|---|
| Dewey Decimal Classification | Non-fiction | Central Library, University of Rajshahi | Central Library, University of Rajshahi | 13/04/1997 | ankam | 1650.00 | 146.3 ROM 1982 | 08/12/2013 | C-8 | Books | |||||
| Dewey Decimal Classification | Non-fiction | Central Library, University of Rajshahi | Central Library, University of Rajshahi | 06/08/1986 | Karim International | 110.00 | 146.3 ROM 1982 | 08/12/2013 | C-9 | Books | |||||
| Dewey Decimal Classification | Added to bundle | Non-fiction | Central Library, University of Rajshahi | Central Library, University of Rajshahi | Reading Room | 12/04/1967 | Ankum | 15.00 | 146.3 ROM 1982 | 02/04/2014 | C-1 | Books | |||
| Dewey Decimal Classification | Non-fiction | Central Library, University of Rajshahi | Central Library, University of Rajshahi | 03/03/1967 | Ankum | 1650.00 | 146.3 ROM 1982 | 02/04/2014 | C-10 | Books | |||||
| Dewey Decimal Classification | Non-fiction | Central Library, University of Rajshahi | Central Library, University of Rajshahi | 06/03/1997 | Ankum | 1650.00 | 146.3 ROM 1982 | 02/04/2014 | C-3 | Books | |||||
| Dewey Decimal Classification | Non-fiction | Central Library, University of Rajshahi | Central Library, University of Rajshahi | 06/03/1997 | Ankum | 1650.00 | 146.3 ROM 1982 | 02/04/2014 | C-4 | Books | |||||
| Dewey Decimal Classification | Non-fiction | Central Library, University of Rajshahi | Central Library, University of Rajshahi | 06/08/1986 | karim interprise dhaka | 110.00 | 146.3 ROM 1982 | 02/04/2014 | C-2 | Books | |||||
| Dewey Decimal Classification | Non-fiction | Central Library, University of Rajshahi | Central Library, University of Rajshahi | 06/08/1986 | Karim Inter | 110.00 | 146.3 ROM 1982 | 02/04/2014 | C-5 | Books | |||||
| Dewey Decimal Classification | Non-fiction | Central Library, University of Rajshahi | Central Library, University of Rajshahi | 06/08/1986 | karim International dhaka | 110.00 | 146.3 ROM 1982 | 02/04/2014 | C-6 | Books | |||||
| Dewey Decimal Classification | Non-fiction | Central Library, University of Rajshahi | Central Library, University of Rajshahi | 06/08/1986 | karim International dhaka | 110.00 | 146.3 ROM 1982 | 02/04/2014 | C-7 | Books |